Statistics for Call of Duty 4: Modern Warfare Weapons

Click here to take the quiz!

General Stats

  • This quiz has been taken 385 times
  • The average score is 7 of 36

Answer Stats

HintAnswer% Correct
AssaultAK47
83%
AssaultM16
82%
AssaultG3
61%
SMGMP5
60%
AssaultM4 Carbine
48%
AssaultM14
35%
SMGP90
33%
LMGRPD
30%
PistolM9
25%
AssaultMP44
25%
SniperR700
25%
GrenadeFlash
22%
GrenadeFrag
21%
SniperM21
19%
GrenadeSmoke
17%
ShotgunsM1014
15%
AttachmentsSilencer
15%
GrenadeStun
15%
AttachmentsGrenade Launcher
12%
ShotgunsW1200
10%
AttachmentsGrip
6%
AttachmentsACOG Scope
0%
SMGAK74U
0%
SniperBaret .50 cal
0%
PistolDesert Eagle
0%
SniperDragunov
0%
AssaultG36C
0%
PistolGold Desert Eagle
0%
PistolM1911. 45
0%
LMGM249SAW
0%
SniperM40A3
0%
LMGM60E4
0%
SMGMini-Uzi
0%
AttachmentsRed Dot Sight
0%
SMGSkorpion
0%
PistolUSP .45
0%

Score Distribution

Percentile by Number Answered

Percent of People with Each Score

Your Score History

You have not taken this quiz